Statistiken für Länder, die Istanbul am Nächsten liegen

Klicken Sie hier um das Quiz zu spielen!

Allgemein

  • Dieses Quiz wurde 122 mal gespielt
  • Das Durchschnittsergebnis liegt bei 18 aus 20

Antwortstatistiken

KmStaat% Korrekt
201Griechenland
99%
134Bulgarien
98%
305Rumänien
96%
669Albanien
95%
466Ukraine
95%
548Serbien
94%
624Kosovo
93%
503Nordmazedonien
92%
811Syrien
89%
882Kroatien
87%
711Zypern
87%
499Moldawien
86%
743Montenegro
86%
535Russland
86%
831Bosnien und Herzegowina
85%
891Italien
85%
861Ungarn
80%
947Georgien
79%
982Slowakei
72%
936Libanon
71%

Verteilung der Resultate

Perzentil nach korrekt beantworteten Fragen

Anzahl Personen mit jedem Resultat

Ihre Resultats-Entwicklung

Sie haben dieses Quiz noch nicht gespielt